Samson Wright's Applied Physiology / (Record no. 6283)

MARC details
000 -LEADER
fixed length control field 00645nam a22002177a 4500
003 - CONTROL NUMBER IDENTIFIER
control field OSt
005 - DATE AND TIME OF LATEST TRANSACTION
control field 20190830164948.0
008 - FIXED-LENGTH DATA ELEMENTS--GENERAL INFORMATION
fixed length control field 150428b xxu||||| |||| 00| 0 eng d
020 ## - INTERNATIONAL STANDARD BOOK NUMBER
International Standard Book Number 0192614177
040 ## - CATALOGING SOURCE
Transcribing agency DNLM
082 ## - DEWEY DECIMAL CLASSIFICATION NUMBER
Classification number QT104.S41 1982
100 ## - MAIN ENTRY--PERSONAL NAME
Personal name Keele Cyril A,Eric Neil,Joels,Norman;
9 (RLIN) 4259
245 ## - TITLE STATEMENT
Title Samson Wright's Applied Physiology /
Statement of responsibility, etc. Revised by Cyril A Keele and Eric Neil
250 ## - EDITION STATEMENT
Edition statement 13th ed.
260 ## - PUBLICATION, DISTRIBUTION, ETC. (IMPRINT)
Place of publication, distribution, etc. London:
Name of publisher, distributor, etc. Oxford University Press;
Date of publication, distribution, etc. 1982
300 ## - PHYSICAL DESCRIPTION
Extent vii,555 p :
Other physical details ill;
Dimensions 27 cm
504 ## - BIBLIOGRAPHY, ETC. NOTE
Bibliography, etc Includes references and index
650 ## - SUBJECT ADDED ENTRY--TOPICAL TERM
Topical term or geographic name as entry element physiology
9 (RLIN) 215
700 ## - ADDED ENTRY--PERSONAL NAME
Personal name Neil Eric
9 (RLIN) 4260
942 ## - ADDED ENTRY ELEMENTS (KOHA)
Source of classification or shelving scheme Dewey Decimal Classification
Koha item type Open Shelf
Holdings
Withdrawn status Lost status Source of classification or shelving scheme Damaged status Not for loan Home library Current library Date acquired Source of acquisition Inventory number Total Checkouts Full call number Barcode Date last seen Date last checked out Price effective from Koha item type
    Dewey Decimal Classification     MUST Main Library MUST Main Library 30/08/2019 Purchase 97/11286 2 QT104.S41 1982 2019-0339 05/12/2019 11/11/2019 30/08/2019 Open Shelf